Beers, Banks and Bandages Quiz Stats

Quiz Updated Sep 24, 2014

Challenge
Share
Tweet
Score 0/20 Timer 05:00
7 Plays Today
# Logo % Correct
1???
93.3%
5???
92.1%
12???
90.3%
8???
86.6%
2???
85.2%
15???
84%
6???
82%
16???
80%
4???
77.3%
7???
75.6%
# Logo % Correct
17???
75.6%
3???
75.3%
11???
69.1%
19???
64.9%
13???
61.7%
9???
56.4%
18???
52.2%
20???
51.5%
14???
44%
10???
30.4%

You're not logged in!

Compare scores with friends on all Sporcle quizzes.
Join for Free
OR
Log In

You Might Also Like...

Show Comments

Extras

Top Quizzes Today


Score Distribution

Your Account Isn't Verified!

In order to create a playlist on Sporcle, you need to verify the email address you used during registration. Go to your Sporcle Settings to finish the process.

Report this User

Report this user for behavior that violates our Community Guidelines.

Details: